IMMORTALITY

資料類型: Book 圖書   書目號:44807

Leader xxxxxxxxxx
001 __ PCLIS00044807
003 __ OCoLC
005 __ 20071205203200.0
008 __ 921006r19901986enk           000 0 eng
020 __ |a057114456X |c£4.99
020 __ |a9780571144570 (pbk.)
040 __ |aUKM|cUKM|dFYM|dECL|dOCLCQ|dBAKER|dYDXCP
043 __ |ae-uk-ni
050 00 |aPR6054.E923|bO97 1999
082 04 |a822.914|220
100 1_ |aMILAN KUNDERA|d
245 10 |aIMMORTALITY|b|c
260 __ |aLondon :|bFaber,|cc1990.
300 __ |a90 p. ;|b|c20 cm.
490 __ |a|v
500 __ |aThirteen men, 3 women.
650 _0 |aWomen|zNorthern Ireland|zBelfast|vDrama.
651 _0 |aNorthern Ireland|xHistory|y1969-1994|vDrama.
700 __ |e
949 __ |aTUL|dPR6054.E923|eO97|y1990|tLCC|c2731341tul|wt|xt|z050
詳細館藏(共 1 筆)
索 書 號登 錄 號冊次號館別 / 館藏地流通類型狀態加入預約清單電子資源
822.914 / M637 2018582  圖書館 / 二樓西文圖書區 可外借30天 在館   

| 條列資料




目錄查詢 分類查詢 個人資料 圖書薦購 新書查詢 閉館日 排行榜 更多電子資源 Hami書城 線上資料庫 登出

From : 216.73.216.116

  本日流通累計至 19:07:18 借閱 : 0 次 續借 : 0 次 歸還 : 0 次 預約 : 0 次 電子資源 : 0 次


內湖高中圖書館  PCLIS 版本  25.5.0.2